Score 0/10 Timer 02:00
8 Plays Today
Clue 'L'-Place % Correct
South American capital cityLima
94.7%
Landlocked country bordering FranceLuxembourg
91.6%
Capital city of PortugalLisbon
90.9%
Country in the Baltic StatesLithuania
88.5%
Landlocked country between Austria and SwitzerlandLiechtenstein
82.8%
Structure that crosses the River Thames (two words)London Bridge
82.1%
Enclaved country in AfricaLesotho
76.9%
Largest island in the PhilippinesLuzon
39.5%
Capital city of MalawiLilongwe
36.5%
German state bordering the Netherlands (two words)Lower Saxony
19.1%
Remove Ads.
Support Sporcle.
Get the best of Sporcle when you Go Orange. This ad-free experience offers more features, more stats, and more fun while also helping to support Sporcle. Thank you for becoming a member.

You're not logged in!

Compare scores with friends on all Sporcle quizzes.
OR
Log In

Show Comments

Extras

Top Quizzes Today


Score Distribution

Your Account Isn't Verified!

In order to create a playlist on Sporcle, you need to verify the email address you used during registration. Go to your Sporcle Settings to finish the process.

Report this User

Report this user for behavior that violates our Community Guidelines.

Details: